000 01179nam a22002777a 4500
003 OSt
005 20251020172220.0
008 240202b ||||| |||| 00| 0 eng d
040 _c0
082 _aDPer 621.317 Ie21 January 2022 v. 37 n. 1
100 _aNasr, Ahmed.
_eauthor.
_951263
245 _aTorque-performance improvement for direct torque-controlled PMSM drives based on duty-ratio regulation /
_cAhmed Nasr, Chunyang Gu, Xuchen Wang, Giampaolo Buticchi, Serhiy Bozhko, and Chris Gerada.
260 _aNew York ;
_bThe Institute of Electrical and Electronics Engineers, Inc. ,
_cJanuary 2022.
300 _aVolume 37, pages 749-760 :
_billustration ;
_c28 cm.
500 _aIEEE Transactions on Power Electronics, v. 37 n 1, pages 749-760, January 2022.
650 0 _aTorque.
_965882
650 0 _aTorque measurement.
_965725
650 0 _aSteady-state.
_965883
700 _aNasr, Ahmed.
_eauthor.
_951263
700 _aGu, Chunyang.
_eauthor.
_951264
700 _aWang, Xuchen.
_eauthor.
_951265
700 _aButicchi, Giampaolo.
_eauthor.
_951266
700 _aBozhko, Serhiy.
_eauthor.
_951267
700 _aGerada, Chris.
_eauthor.
_951268
942 _2ddc
_cPER
999 _c18889
_d18889